[Event "TCh-FRA Nat1 Final"]
[Site "Belfort FRA"]
[Date "2004.05.10"]
[Round "10"]
[White "Miralles,G"]
[Black "Riff,JN"]
[Result "1-0"]
[WhiteElo "2450"]
[BlackElo "2397"]
[EventDate "2004.05.01"]

1. d4 Nf6 2. c4 e6 3. Nf3 Bb4+ 4. Bd2 Qe7 5. g3 Nc6 6. Nc3 Bxc3 7. Bxc3 Ne4
8. Rc1 Nxc3 9. Rxc3 d6 10. d5 Nd8 11. Bg2 O-O 12. O-O a5 13. Ra3 Ra6 14.
Qd2 b6 15. Nd4 e5 16. Nb5 Nb7 17. b4 Bg4 18. f4 f6 19. fxe5 dxe5 20. Rc1
Nd6 21. Nxd6 cxd6 22. c5 bxc5 23. bxc5 dxc5 24. Rxa5 Rxa5 25. Qxa5 Rc8 26.
Qa6 Bd7 27. d6 Qe6 28. Bb7 Rb8 29. Rxc5 Qg4 30. Rc7 h5 31. Qa7 Rd8 32. Bf3
Qf5 33. Qc5 e4 34. Qd5+ Be6 35. Qxe4 Rxd6 36. Qxf5 Bxf5 37. Bxh5 Ra6 38.
Bf7+ Kh7 39. Rc5 g6 40. Bc4 Ra3 41. Rc6 Kg7 42. Ra6 Rc3 43. Bd5 g5 44. Kf2
Rc5 45. Bf3 Bc8 46. Rc6 1-0

[Event "TCh-FRA Nat1 Final"]
[Site "Belfort FRA"]
[Date "2004.05.10"]
[Round "10"]
[White "Herb,P"]
[Black "Kosten,A"]
[Result "0-1"]
[WhiteElo "2283"]
[BlackElo "2507"]
[EventDate "2004.05.01"]

1. e4 c5 2. Nf3 d6 3. Bc4 Nf6 4. d3 Nc6 5. Bb3 g6 6. c3 Bg7 7. O-O O-O 8.
Re1 e5 9. Nbd2 Be6 10. Nc4 h6 11. Ne3 d5 12. exd5 Nxd5 13. Nc4 Qe7 14. Qe2
Rfe8 15. Qe4 Rad8 16. Qh4 b5 17. Na3 g5 18. Bxg5 hxg5 19. Nxg5 Bf5 20. Nxb5
Qb7 21. Ne4 Qxb5 22. Bxd5 Ne7 23. Bc4 Qc6 24. Qg5 Rb8 25. Re2 Rb6 26. Rae1
Qc7 27. Qe3 Rc8 28. Ng5 Bg6 29. f4 Nf5 30. Qh3 Nd6 31. Bd5 c4 32. fxe5 Qc5+
33. d4 Qxd5 34. exd6 Rf8 35. d7 Qxg5 36. Re8 Rd6 0-1

[Event "TCh-FRA Nat1 Final"]
[Site "Belfort FRA"]
[Date "2004.05.10"]
[Round "10"]
[White "Marciano,D"]
[Black "Guth,N"]
[Result "1-0"]
[WhiteElo "2514"]
[BlackElo "2103"]
[EventDate "2004.05.01"]

1. e4 d6 2. d4 g6 3. Nc3 Bg7 4. Be3 c6 5. Qd2 b5 6. Bd3 a6 7. Nf3 Nd7 8. h3
Bb7 9. O-O Qc7 10. a4 b4 11. Ne2 c5 12. b3 Ngf6 13. Ng3 h6 14. Rad1 g5 15.
Nf5 Bf8 16. dxc5 Nxe4 17. Bxe4 Bxe4 18. cxd6 exd6 19. Bd4 Rg8 20. Qe3 d5
21. Nd2 Qf4 22. Qxf4 gxf4 23. Nxe4 dxe4 24. Rde1 O-O-O 25. Rxe4 f3 26. g3
Rg5 27. Rf4 Nc5 28. Bxc5 Bxc5 29. h4 Rh5 30. Rxf3 Kb8 31. Kg2 Rd2 32. g4
Rxf5 33. Rxf5 Rxc2 34. Rxf7 1-0

[Event "TCh-FRA Nat1 Final"]
[Site "Belfort FRA"]
[Date "2004.05.10"]
[Round "10"]
[White "Muller,A"]
[Black "Renet,O"]
[Result "1/2-1/2"]
[WhiteElo "2184"]
[BlackElo "2517"]
[EventDate "2004.05.01"]

1. e4 e6 2. d4 d5 3. Nd2 c5 4. exd5 exd5 5. Bb5+ Nc6 6. Ngf3 Bd6 7. dxc5
Bxc5 8. O-O Nge7 9. Nb3 Bd6 10. c3 O-O 11. Bd3 h6 12. h3 Nf5 13. Re1 Qf6
14. Bc2 Be6 15. Qd3 Rfe8 16. Bd2 g6 17. Rad1 Kg7 18. Bc1 a6 19. Nbd4 Nfxd4
20. Nxd4 Nxd4 21. Qxd4 Qxd4 22. cxd4 h5 23. Bb3 f6 24. Bd2 Bf7 25. Kf1 g5
26. Rxe8 Rxe8 27. Re1 Rh8 28. a3 Rc8 29. Rc1 Rxc1+ 30. Bxc1 h4 31. Ke2 Be6
32. f4 Kg6 33. Kf3 Kh5 34. fxg5 fxg5 35. Bd2 Bh2 36. Be3 Bg3 37. Bd2 g4+
38. hxg4+ Bxg4+ 39. Ke3 Be6 40. Kf3 Bh2 41. Bc3 1/2-1/2

[Event "TCh-FRA Nat1 Final"]
[Site "Belfort FRA"]
[Date "2004.05.10"]
[Round "10"]
[White "Lallemand,R"]
[Black "Riff,V"]
[Result "1/2-1/2"]
[WhiteElo "2277"]
[BlackElo "2171"]
[EventDate "2004.05.01"]

1. e4 c5 2. Nf3 e6 3. d4 cxd4 4. Nxd4 a6 5. Be2 Nf6 6. Nc3 Bb4 7. O-O Qc7
8. Qd3 Nc6 9. Nxc6 bxc6 10. f4 d5 11. e5 Nd7 12. a3 Bc5+ 13. Kh1 g6 14. Na4
Ba7 15. c4 Nb6 16. Nxb6 Qxb6 17. b4 Qd4 18. Rb1 Qxd3 19. Bxd3 dxc4 20. Bxc4
Bb7 21. Rd1 Rd8 1/2-1/2

[Event "TCh-FRA Nat1 Final"]
[Site "Belfort FRA"]
[Date "2004.05.10"]
[Round "10"]
[White "Hamdouchi,H"]
[Black "Delchev,A"]
[Result "1/2-1/2"]
[WhiteElo "2544"]
[BlackElo "2602"]
[EventDate "2004.05.01"]

1. e4 e5 2. Nf3 Nc6 3. Bb5 a6 4. Ba4 Nf6 5. O-O Nxe4 6. Re1 Nc5 7. Nc3 Be7
8. Nd5 O-O 9. Bxc6 dxc6 10. Nxe7+ Qxe7 11. d4 Ne6 12. Nxe5 Rd8 13. c3 f6
14. Nd3 Qf7 15. Qb3 a5 16. a4 b6 17. Nf4 1/2-1/2

[Event "TCh-FRA Nat1 Final"]
[Site "Belfort FRA"]
[Date "2004.05.10"]
[Round "10"]
[White "Vaisser,A"]
[Black "Flear,G"]
[Result "1-0"]
[WhiteElo "2573"]
[BlackElo "2489"]
[EventDate "2004.05.01"]

1. b3 d5 2. Bb2 Bg4 3. f3 Bh5 4. Nh3 f6 5. d4 Nd7 6. Nc3 c6 7. e4 e6 8. Qe2
Qe7 9. O-O-O O-O-O 10. Nf4 Bf7 11. Nd3 h5 12. Na4 Nh6 13. Kb1 Qe8 14. c4
Kb8 15. c5 g5 16. h4 gxh4 17. exd5 exd5 18. Qd2 Bg6 19. Re1 Qf7 20. Qa5 Re8
21. Bc1 Ka8 22. Kb2 Nf5 23. Nb6+ Nxb6 24. cxb6 a6 25. Rxe8+ Qxe8 26. Nf4
Kb8 27. Bxa6 bxa6 28. Re1 Qc8 29. Nxg6 Rg8 30. Nf4 Bd6 31. Re6 Bxf4 32.
Bxf4+ Kb7 33. Rxf6 Rxg2+ 34. Ka3 Qd7 35. Qc5 Re2 36. Be5 Rxe5 37. dxe5 h3
38. e6 Qd6 39. Rf7+ Kb8 40. Qxd6+ Nxd6 41. Rh7 1-0

[Event "TCh-FRA Nat1 Final"]
[Site "Belfort FRA"]
[Date "2004.05.10"]
[Round "10"]
[White "Bujisho,B"]
[Black "Santo Roman,M"]
[Result "1-0"]
[WhiteElo "2392"]
[BlackElo "2403"]
[EventDate "2004.05.01"]

1. e4 Nf6 2. e5 Nd5 3. d4 d6 4. c4 Nb6 5. exd6 cxd6 6. Nc3 g6 7. Be3 Bg7 8.
Rc1 O-O 9. b3 e5 10. dxe5 dxe5 11. Qxd8 Rxd8 12. c5 N6d7 13. Bc4 Nc6 14.
Nf3 Na5 15. Bd5 Nf6 16. Bg5 Bf5 17. Bxf6 Bxf6 18. O-O Rac8 19. Be4 Be6 20.
b4 Nc6 21. a3 Bg7 22. Nb5 f5 23. Bb1 e4 24. Ng5 Bb3 25. Nd6 Rc7 26. Bc2
Bxc2 27. Rxc2 Nd4 28. Rd2 h6 29. Rxd4 hxg5 30. Rd5 Rcd7 31. Rfd1 Bf8 32. g4
Bxd6 33. cxd6 f4 34. Rxg5 Kf7 35. Re5 Rxd6 36. Rxd6 Rxd6 37. Rxe4 g5 38. h4
Kf6 39. h5 Ra6 40. Re8 Rxa3 41. Rf8+ Kg7 42. Rf5 Kh6 43. Rf6+ Kh7 44. Rf7+
Kh6 45. Rxb7 a5 46. Rb6+ Kh7 47. bxa5 Rxa5 48. Rf6 Ra3 49. Kg2 Rb3 50. Rg6
Rb5 51. Kf3 Re5 52. Rf6 Re1 53. Ra6 Re7 54. Ra5 Kh6 55. Ra4 Re6 56. Re4 Ra6
57. Re8 Ra4 58. Re6+ Kh7 59. Rg6 Ra5 60. Ke4 Rb5 61. Rd6 Rb2 62. f3 Rb4+
63. Rd4 Rb3 64. Rd5 Kh6 65. Kf5 Rxf3 66. Rd6+ Kg7 67. Kxg5 Rf1 68. h6+ Kf7
69. h7 1-0

[Event "TCh-FRA Nat1 Final"]
[Site "Belfort FRA"]
[Date "2004.05.10"]
[Round "10"]
[White "Prie,E"]
[Black "Sharif,Me"]
[Result "1-0"]
[WhiteElo "2427"]
[BlackElo "2462"]
[EventDate "2004.05.01"]

1. d4 e6 2. a3 d5 3. Nf3 Nf6 4. Bg5 Be7 5. e3 b6 6. c4 O-O 7. cxd5 exd5 8.
Nc3 a5 9. Qc2 Ba6 10. Bxa6 Rxa6 11. O-O c6 12. Ne5 b5 13. a4 b4 14. Ne2 Ne4
15. Bxe7 Qxe7 16. Ng3 Nxg3 17. hxg3 Nd7 18. Nxc6 Qe6 19. Rac1 f6 20. Rfe1
Re8 21. e4 dxe4 22. Rxe4 Qxe4 23. Qc4+ Re6 24. Qxa6 h5 25. Qb7 Nf8 26. Nd8
1-0

[Event "TCh-FRA Nat1 Final"]
[Site "Belfort FRA"]
[Date "2004.05.10"]
[Round "10"]
[White "Sulava,N"]
[Black "Sarthou,G"]
[Result "1/2-1/2"]
[WhiteElo "2478"]
[BlackElo "2367"]
[EventDate "2004.05.01"]

1. Nf3 d5 2. d4 Nf6 3. c4 c6 4. Nc3 e6 5. g3 dxc4 6. Ne5 Nbd7 7. Nxc4 b5 8.
Nd2 Qb6 9. Bg2 Bb7 10. a4 c5 11. e4 cxd4 12. Nxb5 a6 13. Na3 Bb4 14. O-O
O-O 15. Nac4 Qc7 16. b3 Rfd8 17. Ba3 Bxa3 18. Nxa3 Nc5 19. Rc1 Qb6 20. Nac4
Qb4 21. e5 Nd5 22. Nd6 Nc3 23. Qh5 g6 24. Qh6 Ne2+ 25. Kh1 Rxd6 26. exd6
Nxc1 27. Rxc1 Nd3 28. Rc7 Bxg2+ 29. Kxg2 Qxd6 30. Ne4 Qd5 31. f3 Qe5 32.
Ng5 Qe2+ 33. Kh3 Nf4+ 34. gxf4 Qf1+ 35. Kg3 Qg1+ 36. Kh3 Qf1+ 1/2-1/2

[Event "TCh-FRA Nat1 Final"]
[Site "Belfort FRA"]
[Date "2004.05.10"]
[Round "10"]
[White "Touzane,O"]
[Black "Claverie,C"]
[Result "1/2-1/2"]
[WhiteElo "2347"]
[BlackElo "2339"]
[EventDate "2004.05.01"]

1. d4 Nf6 2. Nf3 g6 3. g3 Bg7 4. Bg2 O-O 5. O-O d6 6. a4 a5 7. Nbd2 d5 8.
c3 b6 9. Ne5 Bb7 10. Ndf3 Ne4 11. Be3 Nd7 12. Qc1 f6 13. Nd3 e5 14. Bh3 Re8
15. Bh6 Bh8 16. c4 exd4 17. Nf4 Ndc5 18. cxd5 f5 19. Qc4 Nd6 20. Qa2 Bf6
21. g4 1/2-1/2

[Event "TCh-FRA Nat1 Final"]
[Site "Belfort FRA"]
[Date "2004.05.10"]
[Round "10"]
[White "Perez,Fl"]
[Black "Flear,C"]
[Result "0-1"]
[WhiteElo "2211"]
[BlackElo "2242"]
[EventDate "2004.05.01"]

1. e4 c5 2. Nc3 Nc6 3. g3 g6 4. Bg2 Bg7 5. d3 d6 6. Be3 Rb8 7. Qd2 b5 8.
Nge2 b4 9. Nd1 Nd4 10. Nc1 Bg4 11. O-O Nf3+ 12. Bxf3 Bxf3 13. Ne2 e5 14. h3
h5 15. Kh2 Nf6 16. Qe1 Ng4+ 17. Kg1 h4 18. hxg4 Qd7 19. Nf4 Qxg4 20. Bxc5
exf4 21. e5 dxc5 0-1

[Event "TCh-FRA Nat1 Final"]
[Site "Belfort FRA"]
[Date "2004.05.10"]
[Round "10"]
[White "Ricbour,J"]
[Black "Nicoara,M"]
[Result "1-0"]
[WhiteElo "2121"]
[BlackElo "2252"]
[EventDate "2004.05.01"]

1. e4 c5 2. Nf3 Nc6 3. d4 cxd4 4. Nxd4 g6 5. c4 Bg7 6. Be3 Nf6 7. Nc3 d6 8.
Be2 O-O 9. Qd2 Bd7 10. f3 Nxd4 11. Bxd4 a5 12. O-O Bc6 13. Rad1 Nd7 14. Be3
Nc5 15. b3 Qb6 16. Nb5 Bxb5 17. cxb5 Rfc8 18. a4 Qd8 19. Bc4 b6 20. Qd5 Qe8
21. f4 Rab8 22. f5 Bf6 23. g4 g5 24. h4 h6 25. hxg5 hxg5 26. Rd2 e6 27.
fxe6 fxe6 28. Rxf6 exd5 29. Bxd5+ Kg7 30. Bd4 Nxb3 31. Bxb3 Rc1+ 32. Rf1+
Kg6 33. Rxc1 Qd7 34. Rf1 d5 35. Rf6+ Kh7 36. Rh2+ Kg8 37. Bxd5+ 1-0

[Event "TCh-FRA Nat1 Final"]
[Site "Belfort FRA"]
[Date "2004.05.10"]
[Round "10"]
[White "Akopian,Vl"]
[Black "Gurevich,M"]
[Result "1/2-1/2"]
[WhiteElo "2689"]
[BlackElo "2672"]
[EventDate "2004.05.01"]

1. Nf3 d5 2. d4 Nf6 3. c4 c6 4. Nc3 e6 5. e3 a6 6. b3 Bb4 7. Bd2 Nbd7 8.
Bd3 Qe7 9. O-O O-O 10. Qc2 h6 11. Rad1 Re8 12. h3 dxc4 13. bxc4 e5 14. Ne4
Nxe4 15. Bxb4 Qxb4 16. Bxe4 exd4 17. exd4 Nf6 1/2-1/2

[Event "TCh-FRA Nat1 Final"]
[Site "Belfort FRA"]
[Date "2004.05.10"]
[Round "10"]
[White "Tregubov,P"]
[Black "Rausis,I"]
[Result "1/2-1/2"]
[WhiteElo "2636"]
[BlackElo "2484"]
[EventDate "2004.05.01"]

1. d4 d5 2. c4 dxc4 3. e3 Nf6 4. Bxc4 e6 5. Nf3 c5 6. O-O a6 7. Bb3 Nbd7 8.
e4 Nxe4 9. Re1 Nef6 10. d5 Nb6 11. dxe6 Bxe6 12. Qxd8+ Rxd8 13. Bxe6 fxe6
14. Ng5 e5 15. Rxe5+ Be7 16. Nc3 Rd7 17. Ne6 Kf7 18. Ng5+ Kg8 19. Re2 h6
20. Nf3 Bd6 21. b3 Kh7 22. Be3 Rc8 23. Rd1 Bf8 24. Rc1 Nbd5 25. Nxd5 Rxd5
26. Kf1 b5 27. h3 Nd7 28. Rec2 Ne5 29. Nxe5 Rxe5 30. Ke2 Kg6 31. Rd1 c4 32.
f4 Re6 33. Rd5 Rec6 34. f5+ Kf7 35. bxc4 Rxc4 36. Rcd2 Rc2 37. Rd7+ Kg8 38.
Bd4 R8c7 39. Rd8 Kf7 40. Kd3 R2c4 41. Be5 Rc8 42. Rd7+ Kg8 43. Rf2 Ra4 44.
f6 Ra3+ 45. Ke4 Ra4+ 46. Kf5 gxf6 47. Bxf6 Ra3 48. Be5 Re8 49. Rf3 Rxf3+
50. gxf3 Ra8 51. f4 a5 52. Ke4 b4 53. f5 a4 54. f6 b3 55. axb3 axb3 56. Rb7
Ra4+ 57. Kf5 Rb4 58. Rxb4 Bxb4 59. Kg6 Kf8 60. Bb2 h5 61. h4 Bc5 62. Bc1
Ke8 63. Bb2 Kf8 64. Kxh5 Kf7 65. Kg5 Be3+ 66. Kf5 Bd2 67. Ke4 Be1 68. h5
Bd2 69. Kd3 1/2-1/2

[Event "TCh-FRA Nat1 Final"]
[Site "Belfort FRA"]
[Date "2004.05.10"]
[Round "10"]
[White "Vallin,G"]
[Black "Bauer,Ch"]
[Result "0-1"]
[WhiteElo "2419"]
[BlackElo "2595"]
[EventDate "2004.05.01"]

1. d4 a6 2. Nf3 e6 3. e4 d5 4. exd5 exd5 5. c4 Nf6 6. Nc3 Bb4 7. Bg5 O-O 8.
cxd5 Qe8+ 9. Be2 Nxd5 10. Bd2 Be6 11. O-O Nc6 12. Rc1 Be7 13. Re1 Qd7 14.
Bc4 Rfe8 15. Bb3 Rad8 16. h3 h6 17. Ne4 Bf8 18. a3 Bf5 19. Nc5 Rxe1+ 20.
Qxe1 Bxc5 21. Rxc5 Be6 22. Ne5 Nxe5 23. Qxe5 c6 24. Bxd5 Bxd5 25. Rc3 Re8
26. Qg3 Re6 27. Re3 Rg6 28. Qb8+ Kh7 29. Rg3 Qf5 30. Qf4 Qb1+ 31. Kh2 Rxg3
32. Qxg3 Qxb2 33. Bb4 b6 34. Bd6 a5 35. h4 h5 36. Qd3+ Kg8 37. Qa6 Qxd4 38.
Qc8+ Kh7 39. Qf5+ g6 40. Qf4 Qxf4+ 41. Bxf4 b5 42. Bd2 a4 43. Kg3 Kg7 44.
Bc3+ f6 45. Bb4 Kf7 46. f3 Ke6 47. Kf4 Bc4 48. Ke4 g5 49. hxg5 fxg5 50. Bd2
Bd5+ 51. Ke3 c5 52. Kf2 g4 53. fxg4 hxg4 54. Be3 Kd6 55. Bf4+ Ke6 56. Bd2
Be4 57. g3 Kd5 58. Ke3 Bh7 59. Ba5 Kc4 60. Kd2 b4 61. Kc1 Kb3 62. axb4 a3
0-1

[Event "TCh-FRA Nat1 Final"]
[Site "Belfort FRA"]
[Date "2004.05.10"]
[Round "10"]
[White "Relange,E"]
[Black "Eliet,N"]
[Result "1/2-1/2"]
[WhiteElo "2505"]
[BlackElo "2412"]
[EventDate "2004.05.01"]

1. c4 c6 2. e4 d5 3. exd5 cxd5 4. cxd5 Qxd5 5. Nc3 Qd6 6. d4 Nf6 7. Nf3 e6
8. Bc4 Be7 9. O-O O-O 10. a3 Nc6 11. Be3 Rd8 12. Qe2 Bd7 13. Rad1 Nd5 14.
Bc1 Be8 15. Qe4 g6 16. h4 Rac8 17. Ba2 Bf6 18. Rfe1 Nce7 19. Qd3 Nxc3 20.
bxc3 Ba4 21. Rd2 Qc7 22. c4 Bc6 23. Bb2 Qf4 24. d5 Bxb2 25. Rxb2 Nf5 26. h5
b5 27. Qd2 Qxd2 28. Rxd2 exd5 29. cxd5 Ba8 30. Ng5 Nd6 31. Re7 Nc4 1/2-1/2

[Event "TCh-FRA Nat1 Final"]
[Site "Belfort FRA"]
[Date "2004.05.10"]
[Round "10"]
[White "Beikert,G"]
[Black "Apicella,M"]
[Result "1/2-1/2"]
[WhiteElo "2440"]
[BlackElo "2539"]
[EventDate "2004.05.01"]

1. e4 e6 2. d4 d5 3. Nc3 Bb4 4. exd5 exd5 5. Bd3 Nc6 6. a3 Ba5 7. Nge2 Nge7
8. O-O Bf5 9. Ng3 Bxd3 10. Qxd3 Bxc3 11. bxc3 O-O 12. h4 Qd7 13. h5 Qg4 14.
Re1 Nc8 15. Qf5 Qxf5 16. Nxf5 Nb6 17. Bf4 Rac8 18. Rab1 f6 19. a4 g6 20.
Ne7+ Nxe7 21. Rxe7 Nxa4 22. Rxb7 Rf7 23. Rxf7 Kxf7 24. c4 Ke6 25. c5 Nc3
26. Kf1 Kd7 27. Rxa7 Nb5 28. Ra6 c6 29. hxg6 hxg6 30. Be3 Re8 31. Ra4 g5
32. g3 Re4 33. Kg2 f5 34. Bxg5 Rxd4 35. Rxd4 Nxd4 36. c3 Ne6 37. Be3 Ke7
38. g4 fxg4 39. Kg3 Ng7 40. Kxg4 Ke6 41. Bd4 Nf5 42. Kg5 Ne7 43. Bf6 Ng8
44. Bh8 Ne7 45. Bd4 Kf7 46. Bf6 Nc8 47. Kf5 Na7 48. f4 Nb5 49. Kg5 Na3 50.
f5 Nc4 51. Bd4 Na3 52. Kg4 1/2-1/2

[Event "TCh-FRA Nat1 Final"]
[Site "Belfort FRA"]
[Date "2004.05.10"]
[Round "10"]
[White "Collas,D"]
[Black "Midoux,S"]
[Result "0-1"]
[WhiteElo "2434"]
[BlackElo "2305"]
[EventDate "2004.05.01"]

1. Nf3 d5 2. d4 Nf6 3. c4 e6 4. Nc3 dxc4 5. e4 Bb4 6. Bg5 c5 7. Bxc4 cxd4
8. Nxd4 Bxc3+ 9. bxc3 Qa5 10. Bb5+ Bd7 11. Bxf6 gxf6 12. Qb3 a6 13. Be2 Nc6
14. O-O Qc7 15. Bh5 O-O 16. Rfe1 Rac8 17. Re3 Qe5 18. Qd1 Ne7 19. Nf5 exf5
20. exf5 Qxf5 21. Bg4 Qxg4 22. Rg3 Qxg3 23. hxg3 Be6 24. Qd4 Kg7 25. Re1
Rfd8 26. Qb6 Rd7 27. Rxe6 fxe6 28. Qxe6 Rdc7 29. f4 Ng6 30. Qb6 Re7 31. Qb4
Rd7 32. Kh2 Rc6 33. g4 h6 34. g3 Rdc7 35. Qd4 Rc4 36. Qd6 R4c6 37. Qd4 Rc4
38. Qd6 Rxc3 39. Kh3 R3c6 40. Qd4 Rc5 41. Qd6 Rc3 42. a4 R3c6 43. Qd4 Nh8
44. g5 hxg5 45. fxg5 Nf7 46. gxf6+ Rxf6 47. Kh4 Re7 48. Qg4+ Rg6 49. Qd4+
Ne5 50. Kh3 Kf7 51. Qd5+ Ke8 52. Kg2 Nf7 53. Qf5 Rc6 54. Kh3 Re5 55. Qb1
Nd6 56. Qb2 Rcc5 57. Qb3 Kd7 58. Qg8 Re4 59. Qb3 Rcc4 60. a5 Rc5 61. Qg8
Ree5 62. Qg7+ Kc6 63. Qf6 Rxa5 64. g4 Rad5 65. Kg3 b5 66. Qh8 a5 67. Qa8+
Kb6 68. Qd8+ Kc5 69. Qxa5 Rd3+ 70. Kh4 Re4 71. Qa7+ Kb4 72. Kh5 Rd5+ 73.
Kg6 Rxg4+ 74. Kf6 Re4 75. Qa2 Rf5+ 76. Kg6 Rg4+ 0-1

[Event "TCh-FRA Nat1 Final"]
[Site "Belfort FRA"]
[Date "2004.05.10"]
[Round "10"]
[White "Payen,A"]
[Black "Verat,L"]
[Result "1-0"]
[WhiteElo "2392"]
[BlackElo "2319"]
[EventDate "2004.05.01"]

1. d4 Nf6 2. Nf3 e6 3. e3 b6 4. Bd3 Bb7 5. O-O Be7 6. b3 O-O 7. Bb2 c5 8.
c4 cxd4 9. exd4 d5 10. Nc3 Nc6 11. Rc1 Rc8 12. Re1 Nb4 13. Bf1 Ne4 14. a3
Nxc3 15. Rxc3 Nc6 16. c5 bxc5 17. dxc5 e5 18. Nxe5 Nxe5 19. Rxe5 Bxc5 20.
Rh3 Qb6 21. Qg4 Bxf2+ 22. Kh1 d4 23. Qf5 Qg6 24. Qxf2 Rc2 25. Re2 d3 26.
Rxc2 dxc2 27. Rg3 Qh6 28. Bxg7 1-0

[Event "TCh-FRA Nat1 Final"]
[Site "Belfort FRA"]
[Date "2004.05.10"]
[Round "10"]
[White "Collas,S"]
[Black "Gervais,C"]
[Result "1-0"]
[WhiteElo "2331"]
[BlackElo "2148"]
[EventDate "2004.05.01"]

1. e4 e6 2. d4 d5 3. Nd2 Be7 4. c3 c5 5. dxc5 Bxc5 6. Bd3 Nf6 7. Qe2 Nc6 8.
e5 Nd7 9. f4 a5 10. Ngf3 g6 11. h4 h5 12. Ng5 Nf8 13. g4 hxg4 14. Qxg4 Qb6
15. h5 Ne7 16. Rh3 Nf5 17. Bxf5 exf5 18. Qf3 Be6 19. Nb3 Bg1 20. hxg6 Nxg6
21. Rxh8+ Nxh8 22. Qg3 O-O-O 23. Nh3 a4 24. Qxg1 Qxg1+ 25. Nxg1 axb3 26.
axb3 d4 27. Ra8+ Kc7 28. Rxd8 Kxd8 29. c4 b5 30. cxb5 Bxb3 31. Nf3 d3 32.
Nd4 Bc4 33. Kd2 Kc7 34. Kc3 Be6 35. Kxd3 Ng6 36. Nxe6+ fxe6 37. Kc4 Ne7 38.
Kc5 Nc8 39. Bd2 Kb7 40. Ba5 Ne7 41. Kd6 Nd5 42. Kxe6 Nxf4+ 43. Kxf5 Nd5 44.
e6 1-0

[Event "TCh-FRA Nat1 Final"]
[Site "Belfort FRA"]
[Date "2004.05.10"]
[Round "10"]
[White "Khenkin,I"]
[Black "Komarov,D"]
[Result "1/2-1/2"]
[WhiteElo "2596"]
[BlackElo "2565"]
[EventDate "2004.05.01"]

1. d4 Nf6 2. c4 e6 3. Nf3 b6 4. Nc3 Bb7 5. a3 d5 6. cxd5 Nxd5 7. e3 g6 8.
h4 Bg7 9. h5 O-O 10. Nxd5 exd5 11. Bd2 Nd7 12. Bd3 c5 13. Bc3 Re8 14. Kf1
Nf6 15. hxg6 hxg6 16. Ne5 Qc8 17. Kg1 Qe6 18. Qf3 Rac8 19. Rd1 Ne4 20. Ng4
Nxc3 21. bxc3 cxd4 22. cxd4 Rc3 23. Qf4 Bc8 24. Rh4 Qe7 25. Nh6+ Bxh6 26.
Qxh6 Qf6 27. Qh7+ Kf8 28. Rf4 Qg7 29. Qxg6 Qxg6 30. Bxg6 Be6 31. a4 Ra3 32.
Bd3 Bd7 33. Bb5 Bxb5 34. axb5 Rb3 35. Rc1 Rxb5 36. Rc6 a5 37. Rff6 Rb1+ 38.
Kh2 b5 39. Ra6 a4 40. Rfb6 Re6 41. Rb8+ Kg7 42. Rxa4 Rh6+ 43. Kg3 Rg6+ 44.
Kf4 Rxg2 45. Ra7 Kf6 46. f3 Rb3 47. Rd7 Re2 48. Rb6+ Kg7 49. Rbb7 Kg6 50.
Rb6+ Kg7 51. Rbb7 1/2-1/2

[Event "TCh-FRA Nat1 Final"]
[Site "Belfort FRA"]
[Date "2004.05.10"]
[Round "10"]
[White "Legky,N"]
[Black "Nijboer,F"]
[Result "1/2-1/2"]
[WhiteElo "2460"]
[BlackElo "2578"]
[EventDate "2004.05.01"]

1. d4 Nf6 2. Nf3 g6 3. b3 Bg7 4. Bb2 O-O 5. e3 d6 6. Be2 e5 7. c4 e4 8.
Nfd2 Re8 9. Nc3 c6 10. g4 h6 11. h3 d5 12. Qc2 Be6 13. O-O-O Nbd7 14. f3
exf3 15. Bxf3 Nb6 16. c5 Nbd7 17. Kb1 b6 18. Ne2 Nh7 19. cxb6 Qxb6 20. Rc1
Rac8 21. Nc3 Qd8 22. Na4 Qh4 23. e4 dxe4 24. Nxe4 Ng5 25. Nxg5 Qxg5 26. Qg2
Bd5 27. Rhf1 Nb6 1/2-1/2

[Event "TCh-FRA Nat1 Final"]
[Site "Belfort FRA"]
[Date "2004.05.10"]
[Round "10"]
[White "Bischoff,K"]
[Black "Salaun,Y"]
[Result "1-0"]
[WhiteElo "2555"]
[BlackElo "2345"]
[EventDate "2004.05.01"]

1. c4 e5 2. Nc3 d6 3. Nf3 Bg4 4. e3 Nd7 5. h3 Bxf3 6. Qxf3 c6 7. d4 Be7 8.
Qd1 Nh6 9. Be2 O-O 10. Qc2 f5 11. Bd2 a6 12. d5 Rc8 13. O-O-O Kh8 14. Kb1
Nc5 15. Bc1 Qe8 16. f3 f4 17. dxc6 bxc6 18. exf4 exf4 19. Bd3 Nxd3 20. Qxd3
Bf6 21. Ne4 Rb8 22. Rhe1 Qh5 23. Nxf6 Rxf6 24. Re4 Rbf8 25. Rd4 Qg5 26. Qc2
Nf7 27. Re4 Ne5 28. b3 h6 29. Bb2 Rg6 30. Rd2 c5 31. Rde2 Rf5 32. Qd2 Rgf6
33. Kc2 Qg6 34. Bc3 Rf7 35. Kb2 Re7 36. Qd1 Re6 37. Rd2 Kh7 38. Qc2 Nf7 39.
Rxe6 Qxe6 40. Rd5 g6 41. Rd2 h5 42. Re2 Qd7 43. Qe4 Ne5 44. Rd2 Nc6 45. Qd3
d5 46. cxd5 Nd4 47. Qxa6 Rxd5 48. Qc4 1-0

[Event "TCh-FRA Nat1 Final"]
[Site "Belfort FRA"]
[Date "2004.05.10"]
[Round "10"]
[White "Karr,JP"]
[Black "Gouliev,N"]
[Result "1/2-1/2"]
[WhiteElo "2360"]
[BlackElo "2449"]
[EventDate "2004.05.01"]

1. d4 Nf6 2. c4 g6 3. Nc3 Bg7 4. e4 O-O 5. Nf3 c6 6. Bd3 d6 7. h3 Na6 8.
Bf4 Nh5 9. Bg5 h6 10. Be3 e5 11. Qd2 exd4 12. Bxd4 Nc5 13. Bc2 Be6 14. b3
Bxd4 15. Nxd4 Qg5 16. Qxg5 hxg5 17. Rd1 Rad8 18. b4 Na6 19. Nxe6 fxe6 20.
a3 e5 21. O-O Nf4 22. Rd2 Kf7 23. Bd1 Ne6 24. Bg4 Nd4 25. Ne2 1/2-1/2

[Event "TCh-FRA Nat1 Final"]
[Site "Belfort FRA"]
[Date "2004.05.10"]
[Round "10"]
[White "Spielmann,Al"]
[Black "Doornbos,Y"]
[Result "1-0"]
[WhiteElo "2275"]
[BlackElo "2334"]
[EventDate "2004.05.01"]

1. c4 Nf6 2. Nc3 c6 3. e4 e5 4. Nf3 Bb4 5. d3 d6 6. g3 O-O 7. Bg2 Re8 8.
O-O d5 9. cxd5 cxd5 10. Nxd5 Nxd5 11. exd5 Qxd5 12. Ng5 Qd7 13. Qb3 Na6 14.
Bd5 Rf8 15. Be3 Qe7 16. Rac1 h6 17. Ne4 Bh3 18. a3 Bxf1 19. Kxf1 Kh8 20.
axb4 f5 21. Nd2 Qxb4 22. Bxb7 Qxb3 23. Nxb3 Rab8 24. Bxa6 Rxb3 25. Rc2 f4
26. gxf4 exf4 27. Bd4 Rb4 28. Bc4 Rb7 29. f3 Rd7 30. Bc3 Kh7 31. Re2 g5 32.
Re6 Rff7 33. Bb5 Rde7 34. Ra6 Re3 35. Bc6 Rfe7 36. Be4+ R7xe4 37. fxe4 Rxd3
38. e5 g4 39. Rf6 f3 40. Kf2 1-0

[Event "TCh-FRA Nat1 Final"]
[Site "Belfort FRA"]
[Date "2004.05.10"]
[Round "10"]
[White "Giffard,N"]
[Black "Taddei,B"]
[Result "1/2-1/2"]
[WhiteElo "2343"]
[BlackElo "2340"]
[EventDate "2004.05.01"]

1. Nf3 f5 2. d4 Nf6 3. Bf4 d6 4. e3 g6 5. Bc4 e6 6. Nbd2 Bg7 7. Bb3 Qe7 8.
c4 Nc6 9. Ba4 Bd7 10. O-O h6 11. h3 O-O 12. Bh2 g5 13. Rc1 Nd8 14. c5 Bxa4
15. Qxa4 Nf7 16. cxd6 cxd6 17. Qa3 Qd7 18. Rc2 b6 19. Rfc1 Nd5 20. Qb3 Rac8
21. a3 Ne7 22. Nc4 Rc6 23. h4 g4 24. Ne1 Rfc8 25. Bg3 d5 26. Nd2 Rxc2 27.
Rxc2 Rxc2 28. Qxc2 1/2-1/2

[Event "TCh-FRA Nat1 Final"]
[Site "Belfort FRA"]
[Date "2004.05.10"]
[Round "10"]
[White "Philippe,C"]
[Black "Buchy,D"]
[Result "1-0"]
[WhiteElo "2352"]
[BlackElo "2191"]
[EventDate "2004.05.01"]

1. e4 c5 2. Nc3 Nc6 3. Bb5 g6 4. Bxc6 dxc6 5. d3 Bg7 6. Nge2 Nf6 7. Be3 b6
8. h3 Be6 9. O-O Qd7 10. Qe1 g5 11. a3 Rg8 12. f3 h5 13. b4 g4 14. fxg4
hxg4 15. h4 c4 16. Rd1 cxd3 17. Rxd3 Qc8 18. g3 Nh5 19. Bd4 Bc4 20. Rd1 Qc7
21. Bxg7 Rxg7 22. Rf5 Nf6 23. Rd4 Be6 24. Rf2 Nd7 25. Qd2 Ne5 26. Qf4 Rc8
27. Kg2 Nf3 28. Qh6 Rg8 29. Rd1 Rd8 30. Nf4 Rxd1 31. Nxd1 Qd7 32. Ne3 Ba2
33. Qh7 Rf8 34. Qf5 e5 35. Nh5 Be6 36. Nf6+ Ke7 37. Nxd7 Bxf5 38. Nxf8 Bxe4
39. Nxg4 Nd4+ 40. Kh3 Bf5 41. c3 1-0

[Event "TCh-FRA Nat1 Final"]
[Site "Belfort FRA"]
[Date "2004.05.10"]
[Round "10"]
[White "Franc,N"]
[Black "Joanovits,M"]
[Result "1/2-1/2"]
[WhiteElo "2086"]
[BlackElo "2060"]
[EventDate "2004.05.01"]

1. e4 Nf6 2. e5 Nd5 3. c4 Nb6 4. d4 d6 5. exd6 cxd6 6. Nc3 Nc6 7. Be3 g6 8.
Rc1 Bg7 9. b3 O-O 10. Nf3 Bg4 11. Be2 Nd7 12. d5 Bxf3 13. Bxf3 Nce5 14. Be2
Qa5 15. Qd2 Nc5 16. O-O a6 17. Bh6 Bxh6 18. Qxh6 1/2-1/2